000 00936nam a2200241 i 4500
001 184474
003 ES-MaACL
005 20231204170726.0
008 150907s1921 sp |||| | spa d
080 _a821.134.3-22"18"
100 1 _aMesquita, Marcelino.
_9157399
245 1 0 _aEnvejecer
_b: comedia en cuatro actos escrita en portugués /
_cpor Marcelino Mesquita ; y traducida al castellano por Cristóbal de Castro.
260 _aMadrid :
_bPrensa Popular,
_c[1921]
300 _a[32] p. ;
_c20 cm.
490 1 _aLa novela teatral, Año VI ;
_v232 - Madrid, 1 mayo 1921
597 _aP. sin numerar.
599 _aEn cub.: caricatura de M. Ramos Carrión, por Tovar.
700 1 _aCastro, Cristóbal de,
_d1874-1953
_936843
700 0 _aTovar
_c, ilustrador.
_9157378
830 0 _aLa novela teatral, Año VI ;
_v232 - Madrid, 1 mayo 1921
_9192161
852 _aES-MaACL
_j2332-F-20
999 _c184474
_d184474